000
00278nam a2200109Ia 4500
008
210430s9999 xx 000 0 und d
082
_a
810 H968M
100
_a
Syed Shujaat Hussain
_9
1628
245
_a
My Life A memoir
_c
Syed Shujaat Hussain
300
_a
128
942
_c
BK
_2
ddc
999
_c
565298
_d
565298